FIFA 20 Community TOTSSF - Statistics

General Stats
  • This quiz has been taken 87 times
  • The average score is 16 of 20
Answer Stats
Rating Pos. Club Nation Player % Correct
93 GK Real Madrid Belgium Thibaut Courtois
95%
93 CB Liverpool England Joe Gomez
93%
93 CB Inter Uruguay Diego Godin
92%
93 CDM Barcelona Spain Sergio Busquets
92%
92 CDM Real Madrid Brazil Casemiro
89%
93 CB Barcelona Spain Gerard Pique
89%
88 GK Arsenal Germany Bernd Leno
88%
91 CDM Man City Brazil Fernandinho
88%
93 CM Bayern Spain Thiago
88%
92 CF Crystal Palace Ivory Coast Wilfried Zaha
88%
89 GK Leipzig Hungary Peter Gulacsi
80%
90 CAM Dortmund Germany Julian Brandt
77%
88 CB Porto Portugal Pepe
76%
92 LM West Ham Brazil Felipe Anderson
75%
89 LB Benfica Spain Grimaldo
75%
88 CM Juventus Uruguay Rodrigo Bentancur
72%
88 CDM Lazio Brazil Lucas Leiva
69%
89 ST Lyon France Moussa Dembele
68%
88 LM Nantes Nigeria Moses Simon
63%
89 CB Leipzig France Nordi Mukiele
60%
No matching quizzes found
Score Distribution
Percent of People with Each Score
Percentile by Number Answered
Your Score History
You have not taken this quiz